Statistics for 2018 AFL Draft Top 20 Picks

Click here to take the quiz!

General Stats

  • This quiz has been taken 6 times
  • The average score is 9 of 20

Answer Stats

PickTeamAnswer% Correct
1CarltonSam Walsh
100%
6Gold CoastBen King
80%
4St KildaMax King
80%
12Port AdelaideZak Butters
80%
7BulldogsBailey Smith
60%
5Port AdelaideConnor Rozee
60%
3Gold CoastIzak Rankine
60%
2Gold CoastJack Lukosius
60%
18Port AdelaideXavier Duursma
60%
9AdelaideChayce Jones
40%
13CollingwoodIsaac Quaynor
40%
8North MelbourneTarryn Thomas
40%
14GWSJackson Hately
20%
15GeelongJordan Clark
20%
11GWSJye Caldwell
20%
19CarltonLiam Stocker
20%
16AdelaideNed McHenry
20%
10North MelbourneNick Blakey
20%
20RichmondRiley Collier-Dawkins
20%
17FremantleSam Sturt
20%

Score Distribution

Percentile by Number Answered

Percent of People with Each Score

Your Score History

You have not taken this quiz